000 00859nam0a2200265 4500
001 RU\NLR\bibl\453213
005 20260406122940.0
010 _a5-17-013026-0
_92000
021 _aRU
_b2003-52492
_92539
035 _a(NLR Aleph) 000446826
090 _a848779
_c848779
100 _a20031030d2003 |||y0rusy50 ca
101 1 _arus
_ceng
102 _aRU
105 _ay |||||||||
200 1 _aНеотразимая герцогиня
_eРоман
_fБертрис Смолл
_g[Пер. с англ. Т.А. Перцевой]
210 _aМ.
_cАСТ
_d2003
215 _a379,[1] с.
_d21
686 _aШ6(7США)67-440.4{Лх1979-50}
700 1 _4070
_7ca
_8rus
_aСмолл
_bБ.
_f1937-2015
_gБертрис
_3RU\NLR\AUTH\77816
_9110856
801 0 _aRU
_bNLR
_c20031030
_gPSBO
801 1 _aRU
_bNLR
_c20031030
942 _cBOOK
980 _aNB